000
00331nam a22001457a 4500
008
221110b ||||| |||| 00| 0 eng d
020
_a
9781555813710
041
_a
eng
080
_2
9th edition
_a
579
082
_a
579 MUR
100
_a
17
101
_a
MICROBIO
245
_a
CLINICAL MICROBIOLOGY
_c
MURRAY P
942
_2
udc
_c
BK
999
_c
58844
_d
58844